Nom des patinoires de National League - Statistiques

Statistiques générales
  • Ce quiz a été pris 106 fois
  • Le résultat moyen est 7 sur 14
Statistiques - réponses
Hint Réponse % Correct
HC Fribourg-Gottéron / 9'009 BCF Arena
89%
SC Bern / 17'031 PostFinanceArena
89%
Lausanne HC / 9'600 Vaudoise Arena
81%
ZSC Lions / 12'000 Swiss Life Arena
76%
EHC Biel-Bienne / 6'408 Tissot Arena
66%
HC Ajoie / 5'178 Raiffeisen Arena
61%
HC Ambri-Piotta / 6'775 Gottardo Arena
48%
EV Zug / 7'200 Bossard Arena
45%
Genvève-Servette HC / 7'135 Patinoire des Vernets
45%
HC Lugano / 6'733 Cornèr Arena
31%
SC Rapperswil-Jona Lakers / 6'100 St. Galler Kantonalbank Arena
16%
HC Davos / 6'547 Eisstadion Davos
15%
EHC Kloten / 7'624 Stimo Arena
15%
SC Langnau Tigres / 6'000 Emmental Versicherung Arena
3%
Aucun quiz correspondant
Distribution des résultats
% des personnes avec chaque résultat
Percentile par nombre de réponses
Votre historique - résultats
Vous n’avez pas pris ce quiz